The Apostles' Creed (Catholic edition) Quiz Stats

 Plays Quiz not verified by Sporcle

Score 0/29 Timer 08:00
0 Plays Today
% Correct
creator of heaven and earth.
93.5%
the Father almighty
92.4%
I believe in God,
92.3%
I believe in Jesus Christ,
75.4%
his only Son,
74.6%
our Lord.
69.5%
and born of the Virgin Mary.
62.2%
He was conceived
56.7%
died,
56.6%
On the third day
56.2%
was crucified,
55.6%
and was buried.
55.5%
he rose again.
54.5%
Amen.
54.2%
He suffered under
53.9%
% Correct
by the power of the Holy Spirit
53.2%
I believe in the Holy Spirit,
52.3%
He descended into hell.
52.1%
the communion of saints,
51.8%
the forgiveness of sins,
51.8%
Pontius Pilate,
51.3%
He ascended into Heaven
51.2%
the Holy Catholic Church,
50.7%
and life everlasting.
49.8%
the resurrection of the body,
47.4%
He will come again
47.2%
to judge the living and the dead.
47.1%
and is seated at the right hand
46.1%
of the Father.
45.7%

You're not logged in!

Compare scores with friends on all Sporcle quizzes.
OR
Log In

Show Comments

Extras

Top Quizzes Today


Score Distribution

Your Account Isn't Verified!

In order to create a playlist on Sporcle, you need to verify the email address you used during registration. Go to your Sporcle Settings to finish the process.

Report this User

Report this user for behavior that violates our Community Guidelines.

Details: